000 00619cab a2200193 4500
001 L130530
008 050809n2005 000 0 eng u
035 _a(Sirsi) u130530
041 _aeng
100 _aFiske, James
245 _aSports centre work out
260 _c2005
490 _aQS Week
_v(15) 3 August 2005, 14-15(2)
520 _aLooks at inflation and cost indices for sports centre projects and provides benchmark figures for key elements. Tables. Graphs. [Taken from journal abstract.]
590 _aIKA160805
690 _aBUILT ENVIRONMENT-BUILDING COSTS
700 _aMurng, Nang
942 _n0
999 _c75681
_d75681